Land vs. Land #87 - Statistiken

Allgemein
  • Dieses Quiz wurde 18 mal gespielt
  • Das Durchschnittsergebnis liegt bei 10 aus 14
Antwortstatistiken
Frage Antwort % Korrekt
...Fläche? Vietnam🇻🇳
100%
...Einwohner? Vietnam🇻🇳
100%
...Militär? Vietnam🇻🇳
94%
...Exportmengen? Vietnam🇻🇳
94%
...Bruttoinlandsprodukt? Vietnam🇻🇳
88%
...Frieden? Barbados🇧🇧
82%
...Gesundheitswesen? Barbados🇧🇧
76%
...Bruttoinlandsprodukt pro Kopf? Barbados🇧🇧
71%
...Gewinner? Vietnam🇻🇳
71%
...HDI (Human Development Index)? Barbados🇧🇧
65%
...Lebenserwartung? Barbados🇧🇧
65%
...Tourismus? Vietnam🇻🇳
59%
...durchschnittlicher IQ? Barbados🇧🇧
29%
...Happy Planet Index? Vietnam🇻🇳
24%
Keine übereinstimmenden Quizze gefunden
Verteilung der Resultate
Anzahl Personen mit jedem Resultat
Perzentil nach korrekt beantworteten Fragen
Ihre Resultats-Entwicklung
Sie haben dieses Quiz noch nicht gespielt